Welcome to the Holygrace Academy Library

Please use search bar below to get started

ATHBUTHA OUSHADHACHEDIKAL (Record no. 991)

MARC details
000 -LEADER
fixed length control field 00320nam a22001337a 4500
020 ## - INTERNATIONAL STANDARD BOOK NUMBER
ISBN 978-93-81318-06-5
082 ## - DEWEY DECIMAL CLASSIFICATION NUMBER
Classification number 894.812
Item number RAM/A
100 ## - MAIN ENTRY--AUTHOR NAME
Personal name Dr. K.R. RAMAN NAMBOOTHIRI
245 ## - TITLE STATEMENT
Title ATHBUTHA OUSHADHACHEDIKAL
260 ## - PUBLICATION, DISTRIBUTION, ETC. (IMPRINT)
Place of publication THRICHUR
Name of publisher H & C BOOKS
Year of publication 2011
300 ## - PHYSICAL DESCRIPTION
Number of Pages 142
650 ## - SUBJECT ADDED ENTRY--TOPICAL TERM
Topical Term HEALTH CARE
Geographic subdivision KERALA
942 ## - ADDED ENTRY ELEMENTS (KOHA)
Koha item type Books
Holdings
Withdrawn status Lost status Collection code Home library Current library Shelving location Date acquired Source of acquisition Cost, normal purchase price Full call number Accession Number Koha item type
    Reference Main Library Main Library   21/03/2015 purchase 20.00 894.812 RAM/A 06231 Books
    Reference Main Library Main Library   21/03/2015 purchase 20.00 894.812 RAM/A 06226 Books